000 00573nam a2200181Ia 4500
008 240729s9999 xx 000 0 und d
022 _a2766-8584
245 0 _aKinship
260 _aUnited States
260 _beScholarship Publishing, University of California
650 _a Anthropology
650 _a Ethnology. Social and cultural anthropology | Social Sciences
650 _a The family. Marriage. Woman
650 _aGeography. Anthropology. Recreation
856 _uhttps://doaj.org/toc/cde9940451994c0aae874a2b3e18fa43
942 _2ddc
942 _cDOAJEJ
999 _c66801
_d66801
945 _a1
_bMadushi Gamage
_c1
_dMadushi Gamage